| 000 | 00634nam a22001817a 4500 | ||
|---|---|---|---|
| 020 | _qHard Cover. | ||
| 082 | _a004 | ||
| 100 | _aHaroon Rasheed Ramy ; Usama Tahir and Ameer Hamza | ||
| 245 |
_aBridging the Language Gap - Bachpana _cHaroon Rasheed Ramy, Usama Tahir and Ameer Hamza. |
||
| 260 |
_aIslamabad : _bSEECS - NUST, |
||
| 300 |
_a27 p. ill. : _c30cm, _eCD. |
||
| 563 | _aa | ||
| 650 |
_aSoftware Engineering-Project Report. _930818 |
||
| 700 |
_aMr. Majid Maqbool. _931004 |
||
| 856 | _uhttp://10.250.8.41:8080/xmlui/handle/123456789/19059 | ||
| 942 |
_2ddc _cTHE |
||
| 999 |
_c536079 _d536079 |
||